000
00262nam a22001097a 4500
082
_a
297.55
_b
MUM
245
_a
لبیک
260
_a
Lahore,:
_b
Sang-e-meel Publication,
_c
1996
300
_a
319p.
526
_a
0
_b
0
_c
0
_d
297_550000000000000_MUM
942
_2
ddc
_c
BK
999
_c
553766
_d
553766